[Event "Centrocoop Sept op-B"]
[Site "Eforie Nord"]
[Date "1998.??.??"]
[Round "?"]
[White "Costescu, Marina"]
[Black "Ionica, Iulia Ionela"]
[Result "1/2-1/2"]
[WhiteElo "2050"]
[BlackElo "2195"]
[PlyCount "20"]
[EventDate "1998.09.??"]
[EventType "swiss"]
[EventRounds "11"]
[EventCountry "ROU"]
[SourceTitle "EXT 2000"]
[Source "ChessBase"]
[SourceDate "1999.11.16"]
[SourceVersion "1"]
[SourceVersionDate "1999.11.16"]
[SourceQuality "1"]

1. d4 Nf6 2. c4 g6 3. Nc3 Bg7 4. e4 d6 5. Be2 0-0 6. Nf3 e5 7. Be3 exd4 8. Nxd4 Re8 9. f3 Nc6 10. Nxc6 bxc6 1/2-1/2

[Event "Centrocoop Sept op-B"]
[Site "Eforie Nord"]
[Date "1998.??.??"]
[Round "?"]
[White "Costescu, Marina"]
[Black "Susterman, Bela"]
[Result "1-0"]
[WhiteElo "2050"]
[BlackElo "2015"]
[PlyCount "57"]
[EventDate "1998.09.??"]
[EventType "swiss"]
[EventRounds "11"]
[EventCountry "ROU"]
[SourceTitle "EXT 2000"]
[Source "ChessBase"]
[SourceDate "1999.11.16"]
[SourceVersion "1"]
[SourceVersionDate "1999.11.16"]
[SourceQuality "1"]

1. d4 d5 2. c4 e6 3. Nc3 Nf6 4. Nf3 Be7 5. Bf4 c6 6. e3 0-0 7. h3 Nbd7 8. Rc1 Re8 9. Bd3 Nf8 10. 0-0 dxc4 11. Bxc4 Nd5 12. Bh2 Bd6 13. Bxd6 Qxd6 14. e4 Nxc3 15. Rxc3 Ng6 16. Ng5 h6 17. e5 Qe7 18. Ne4 Rf8 19. Rg3 b6 20. Nd6 Bd7 21. f4 c5 22. f5 Nxe5 23. dxe5 exf5 24. Nxf5 Bxf5 25. Rxf5 Qh4 26. Rg4 Qe7 27. Qd2 Kh7 28. Bd3 Kh8 29. Rf6 1-0

[Event "ROM-ch op (Women)"]
[Site "Eforie Nord"]
[Date "1997.??.??"]
[Round "?"]
[White "Costescu, Marina"]
[Black "Peptan, Corina Isabela"]
[Result "0-1"]
[WhiteElo "2060"]
[BlackElo "2460"]
[PlyCount "110"]
[EventDate "1997.09.??"]
[EventType "swiss"]
[EventRounds "11"]
[EventCountry "ROU"]
[SourceTitle "EXT 2000"]
[Source "ChessBase"]
[SourceDate "1999.11.16"]
[SourceVersion "1"]
[SourceVersionDate "1999.11.16"]
[SourceQuality "1"]

1. d4 Nf6 2. c4 e6 3. g3 d5 4. Nf3 c5 5. cxd5 exd5 6. Nc3 h6 7. Bg2 Nc6 8. 0-0 Be7 9. h3 0-0 10. Be3 c4 11. Rc1 Be6 12. Ne5 Qc8 13. Kh2 Rd8 14. Qa4 a6 15. Nxc6 bxc6 16. b3 Nd7 17. Qa5 cxb3 18. axb3 Qb7 19. Qa2 a5 20. Na4 Bf5 21. Rfd1 Bd6 22. Bd2 Re8 23. e3 Re6 24. Be1 Rg6 25. Nc5 Nxc5 26. dxc5 Bc7 27. Rd4 Rb8 28. Ra4 Qxb3 29. Qxb3 Rxb3 30. Bxa5 Be5 31. Be1 Rb2 32. Kg1 Bd3 33. Rb4 Ra2 34. Rb6 Re6 35. Kh2 Rg6 36. Kg1 Rf6 37. Rb3 Bc4 38. Rb6 Bd3 39. Rb3 Bb2 40. Rb8+ Kh7 41. Rxb2 Rxb2 42. Bc3 Rfxf2 43. Bxb2 Rxb2 44. Rc3 Bb5 45. h4 Kg6 46. Bh3 Kf6 47. Bg2 Ke5 48. Bf3 Ra2 49. Bg2 Ra4 50. Rc2 Rc4 51. Rxc4 Bxc4 52. Kf2 Bd3 53. Ke1 Be4 54. Bf1 d4 55. Kd2 Kd5 0-1

[Event "ROM-chT"]
[Site "Romania"]
[Date "1993.??.??"]
[Round "6"]
[White "Andreescu, Aurora Nicoleta"]
[Black "Costescu, Marina"]
[Result "1-0"]
[WhiteElo "2025"]
[BlackElo "2090"]
[PlyCount "85"]
[EventDate "1993.??.??"]
[EventType "team"]
[EventRounds "9"]
[EventCountry "ROU"]
[SourceTitle "EXT 1998"]
[Source "ChessBase"]
[SourceDate "1997.11.17"]
[SourceVersion "1"]
[SourceVersionDate "1997.11.17"]
[SourceQuality "1"]

1. e4 c5 2. Nf3 d6 3. d4 cxd4 4. Nxd4 Nf6 5. Nc3 a6 6. Be3 e5 7. Nb3 Be6 8. Be2 Be7 9. f4 exf4 10. Bxf4 Nc6 11. 0-0 0-0 12. Kh1 Rc8 13. Nd4 Nxd4 14. Qxd4 Qc7 15. e5 dxe5 16. Bxe5 Qc5 17. Qf4 Nd7 18. Bd4 Qc7 19. Qe4 Qc6 20. Bf3 Qxe4 21. Bxe4 Bc5 22. Ne2 Bg4 23. Bxb7 Bxe2 24. Bxc8 Rxc8 25. Rf4 Bxd4 26. Rxd4 Nf6 27. Re1 Bc4 28. b3 Be6 29. c4 h6 30. Rd6 a5 31. Red1 Kh7 32. Rb6 Ne4 33. Rc1 a4 34. Kg1 Nc5 35. Rd1 axb3 36. axb3 Ra8 37. b4 Nd7 38. Rxe6 fxe6 39. Rxd7 Ra1+ 40. Kf2 Ra2+ 41. Kf3 Kg6 42. b5 Ra8 43. b6 1-0

[Event "ROM-ch U20 Girls"]
[Site "Singeorz"]
[Date "1993.??.??"]
[Round "?"]
[White "Bradianu Rogozenko, Ileana"]
[Black "Costescu, Marina"]
[Result "1/2-1/2"]
[WhiteElo "2015"]
[BlackElo "2090"]
[PlyCount "85"]
[EventDate "1993.??.??"]
[EventType "swiss"]
[EventRounds "11"]
[EventCountry "ROU"]
[SourceTitle "TD"]
[Source "ChessBase"]
[SourceDate "1994.03.01"]
[SourceVersion "1"]
[SourceVersionDate "1994.03.01"]
[SourceQuality "1"]

1. h3 d5 2. b4 c6 3. e3 Qb6 4. a3 a5 5. b5 a4 6. Nc3 e6 7. Rb1 c5 8. Nf3 Nf6 9. Be2 Nbd7 10. 0-0 Be7 11. Bb2 Qc7 12. Na2 0-0 13. c4 dxc4 14. Bxc4 Nb6 15. Be2 Rd8 16. Qc2 Bd7 17. Rfc1 Rac8 18. Ng5 h6 19. Ne4 Nfd5 20. Nac3 f5 21. Ng3 Nxc3 22. Bxc3 Bd6 23. Nh5 Be5 24. Ba5 Ra8 25. Bxb6 Qxb6 26. Qxc5 Qxc5 27. Rxc5 Bd6 28. Rc3 Rac8 29. Nf4 Kf7 30. Bh5+ Kf6 31. Bf3 Rxc3 32. dxc3 Bxa3 33. c4 Bc5 34. Bxb7 a3 35. Nd3 Be7 36. Nb4 Bxb4 37. Rxb4 a2 38. Ra4 Bxb5 39. Rxa2 Bxc4 40. Rb2 Rb8 41. Rc2 Rxb7 42. Rxc4 Rb1+ 43. Kh2 1/2-1/2

[Event "Bucharest (Women)"]
[Site "Bucharest"]
[Date "1993.??.??"]
[Round "1"]
[White "Costescu, Marina"]
[Black "Bollengier, Andreea"]
[Result "1-0"]
[WhiteElo "2090"]
[BlackElo "2070"]
[PlyCount "53"]
[EventDate "1993.??.??"]
[EventType "tourn"]
[EventRounds "11"]
[EventCountry "ROU"]
[SourceTitle "TD"]
[Source "ChessBase"]
[SourceDate "1994.03.01"]
[SourceVersion "1"]
[SourceVersionDate "1994.03.01"]
[SourceQuality "1"]

1. d4 d5 2. c4 c6 3. Nc3 Nf6 4. e3 e6 5. Nf3 Nbd7 6. Qc2 Bd6 7. Be2 0-0 8. 0-0 b6 9. b3 Bb7 10. Rd1 Rc8 11. Bb2 Qe7 12. e4 e5 13. dxe5 Nxe5 14. exd5 cxd5 15. Nb5 Nxf3+ 16. Bxf3 Bb8 17. Qf5 dxc4 18. Ba3 Rc5 19. Bxc5 bxc5 20. Re1 Qd8 21. Bxb7 Qb6 22. bxc4 Qxb7 23. Qxc5 Rc8 24. Qd4 a6 25. Rad1 h6 26. Nd6 Bxd6 27. Qxd6 1-0

[Event "ROM-ch U20 Girls"]
[Site "Singeorz"]
[Date "1993.??.??"]
[Round "?"]
[White "Costescu, Marina"]
[Black "Bollengier, Andreea"]
[Result "1/2-1/2"]
[WhiteElo "2090"]
[BlackElo "2070"]
[PlyCount "80"]
[EventDate "1993.??.??"]
[EventType "swiss"]
[EventRounds "11"]
[EventCountry "ROU"]
[SourceTitle "TD"]
[Source "ChessBase"]
[SourceDate "1994.03.01"]
[SourceVersion "1"]
[SourceVersionDate "1994.03.01"]
[SourceQuality "1"]

1. d4 f5 2. g3 Nf6 3. Bg2 g6 4. Nf3 Bg7 5. 0-0 0-0 6. c3 Qe8 7. Ne5 c6 8. Qb3+ Kh8 9. Nd2 d6 10. Nec4 Na6 11. Qa3 g5 12. b4 Nc7 13. Qb3 Qh5 14. Nf3 f4 15. Qc2 Bh6 16. Re1 d5 17. Ncd2 Nb5 18. c4 Nd6 19. cxd5 Bf5 20. Qb3 cxd5 21. Ne5 e6 22. b5 Nde4 23. Ndf3 Ng4 24. Nxg4 Bxg4 25. Ba3 Rf5 26. Rac1 Bh3 27. Rc7 Bxg2 28. Kxg2 Nxf2 29. Qc2 fxg3 30. hxg3 g4 31. Rc8+ Rxc8 32. Qxc8+ Kg7 33. Nh4 Rf7 34. Rf1 Be3 35. Qxe6 Qg5 36. Bd6 Bxd4 37. e3 Bxe3 38. Be5+ Kg8 39. Qe8+ Rf8 40. Qe6+ Rf7 1/2-1/2

[Event "Bucharest (Women)"]
[Site "Bucharest"]
[Date "1993.??.??"]
[Round "6"]
[White "Costescu, Marina"]
[Black "Iosif, Cristina S"]
[Result "0-1"]
[WhiteElo "2090"]
[BlackElo "2195"]
[PlyCount "76"]
[EventDate "1993.??.??"]
[EventType "tourn"]
[EventRounds "11"]
[EventCountry "ROU"]
[SourceTitle "TD"]
[Source "ChessBase"]
[SourceDate "1994.03.01"]
[SourceVersion "1"]
[SourceVersionDate "1994.03.01"]
[SourceQuality "1"]

1. d4 Nf6 2. c4 e6 3. Nf3 b6 4. Nc3 Bb4 5. Bg5 h6 6. Bh4 Bxc3+ 7. bxc3 Bb7 8. e3 d6 9. Bd3 Nbd7 10. 0-0 Qe7 11. Nd2 g5 12. Bg3 0-0-0 13. a4 a5 14. f3 h5 15. Bf2 h4 16. Qe2 c5 17. Rab1 g4 18. Ne4 gxf3 19. Qxf3 Ne8 20. Qh3 f5 21. Nd2 Nef6 22. Rbe1 Ne4 23. Nxe4 fxe4 24. Be2 Rdg8 25. Kh1 Kc7 26. Rd1 Bc8 27. Bg4 Rg6 28. g3 Qg7 29. gxh4 Rxg4 30. Bg3 e5 31. Rf2 Rg6 32. Qf1 Rxg3 33. hxg3 Qxg3 34. Rh2 Rxh4 35. Rxh4 Qxh4+ 36. Kg1 Qg3+ 37. Qg2 Qxg2+ 38. Kxg2 Ba6 0-1

[Event "ROM-chT"]
[Site "Romania"]
[Date "1993.??.??"]
[Round "3"]
[White "Negulescu, Adrian"]
[Black "Costescu, Marina"]
[Result "0-1"]
[WhiteElo "2425"]
[BlackElo "2090"]
[PlyCount "48"]
[EventDate "1993.??.??"]
[EventType "team"]
[EventRounds "9"]
[EventCountry "ROU"]
[SourceTitle "EXT 1998"]
[Source "ChessBase"]
[SourceDate "1997.11.17"]
[SourceVersion "1"]
[SourceVersionDate "1997.11.17"]
[SourceQuality "1"]

1. d4 Nf6 2. c4 c5 3. d5 d6 4. Nc3 g6 5. e4 Bg7 6. Bd3 e6 7. Nge2 0-0 8. 0-0 Ng4 9. Ng3 Qh4 10. h3 Nxf2 11. Rxf2 Qxg3 12. Bf4 Qh4 13. Nb5 a6 14. Nc7 Bd4 15. g3 Bxf2+ 16. Kxf2 Qf6 17. Nxa8 e5 18. Qd2 exf4 19. g4 Qh4+ 20. Kg1 Qg3+ 21. Kf1 Qxh3+ 22. Ke1 Qh1+ 23. Bf1 Re8 24. Qd3 Rxe4+ 0-1

[Event "Bucharest (Women)"]
[Site "Bucharest"]
[Date "1993.??.??"]
[Round "9"]
[White "Olarasu, Gabriela"]
[Black "Costescu, Marina"]
[Result "1/2-1/2"]
[WhiteElo "2260"]
[BlackElo "2090"]
[PlyCount "84"]
[EventDate "1993.??.??"]
[EventType "tourn"]
[EventRounds "11"]
[EventCountry "ROU"]
[SourceTitle "TD"]
[Source "ChessBase"]
[SourceDate "1994.03.01"]
[SourceVersion "1"]
[SourceVersionDate "1994.03.01"]
[SourceQuality "1"]

1. Nf3 g6 2. e4 Bg7 3. d4 c5 4. d5 Nf6 5. Nc3 0-0 6. Be2 d6 7. h3 b5 8. Bxb5 Nxe4 9. Nxe4 Qa5+ 10. Nc3 Bxc3+ 11. bxc3 Qxb5 12. Qd3 Ba6 13. Bh6 Qb2 14. Qd1 Qxc3+ 15. Bd2 Qc4 16. h4 e6 17. dxe6 Qxe6+ 18. Be3 d5 19. Kd2 d4 20. Bh6 Qc4 21. Rb1 Re8 22. Re1 Nc6 23. Rb2 Qc3+ 24. Kc1 Reb8 25. Rb3 Qa1+ 26. Kd2 Qxa2 27. Qa1 Qa5+ 28. Qxa5 Nxa5 29. Rxb8+ Rxb8 30. Ne5 Rb2 31. Kc1 Rb8 32. Nd7 Rc8 33. Nxc5 Bb5 34. Ne4 Ba4 35. Kb2 Nc4+ 36. Ka2 Bxc2 37. Nf6+ Kh8 38. Re7 Nd6 39. g4 Rb8 40. Rd7 Nc4 41. Rxf7 Rb2+ 42. Ka1 Rb1+ 1/2-1/2